00334nam a2200121Ia 4500008004100000041000800041082001400049100001800063245004500081250001400126260003900140300003300179240624s9999 xx 000 0 und d aeng a005.1 KAN aKAN STEPHEN H aMETRICS AND MODELS IN SOFTWARE QUALITY E a(2nd ed.) c2006aNew DelhibPearson Education axxvii, : 528 : p. : cm. ; 24